| 000 | 00882nam a2200217Ii 4500 | ||
|---|---|---|---|
| 003 | JO-AjNU | ||
| 008 | 230605s9999||||xx |||||||||||||| ||und|| | ||
| 017 | _a1994/10/1047 | ||
| 040 |
_aJO-AjNU _bara _erda _cJO-AjNU |
||
| 041 | _aara | ||
| 050 | 1 | 4 | _aBP173.756.M84 1994 |
| 100 | 3 |
_aالمجمع الملكي لبحوث الحضارة الإسلامية (مؤسسة آل البيت), _eauthor _940976 |
|
| 245 | 0 | 0 | _aالموجز في الإدارة المالية في الإسلام |
| 264 | 3 | 1 | _aعمان: المجمع الملكي لبحوث الحضارة الاسلامية، 1994 |
| 300 | _a227ص | ||
| 336 |
_atext _btxt _2rdacontent |
||
| 337 |
_aunmediated _bn _2rdamedia |
||
| 338 |
_avolume _bnc _2rdacarrier |
||
| 490 | 0 | _aدراسات اسلامية معاصرة | |
| 650 | 4 |
_aالاسلام والمالية العامة- الاقتصاد الاسلامي _940977 |
|
| 999 |
_aA17432 _c21000 _d21000 |
||